000 00597nam a2200241Ia 4500
003 OSt
005 20220924144847.0
006 a|||||r|||| 00| 0
007 ta
008 220923b |||||||| |||| 00| 0 urd d
020 _c25.00
024 _a322754
037 _cTextual
040 _aARTS
_cARTS
_burd
041 _2urd
_aurd
082 _aV2:51xM20, 168M2
100 _aSabri Imdad Au.
245 0 _aSardar-e-shaheedan
260 _c1982
650 _aINDIA - HISTORY
942 _hV2:51xM20, 168M2
_cTEXL
_2CC
999 _c458473
_d458473